[Event "Runavik op"]
[Site "Runavik"]
[Date "2018.11.17"]
[Round "8"]
[White "Markensten, Max"]
[Black "Miezis, Normunds"]
[Result "0-1"]
[WhiteElo "1660"]
[BlackElo "2477"]
[PlyCount "62"]
[EventDate "2018.11.12"]
[EventType "swiss"]
[EventRounds "9"]
[EventCountry "FAI"]
[SourceTitle "CBM 187 Extra"]
[Source "ChessBase"]
[SourceDate "2018.11.04"]
[SourceVersion "1"]
[SourceVersionDate "2018.11.04"]
[SourceQuality "1"]

1. c4 c5 2. Nf3 Nc6 3. d4 cxd4 4. Nxd4 f5 5. Nc3 g6 6. e3 Bg7 7. Be2 Nf6 8. 0-0 0-0 9. b3 d6 10. Bb2 Ne5 11. Rc1 Bd7 12. Nd5 Nxd5 13. cxd5 Qa5 14. Qc2 Rac8 15. Qb1 Qxd5 16. Nf3 Qa5 17. Qa1 Bf6 18. Nxe5 Bxe5 19. Bxe5 Qxe5 20. Qxe5 dxe5 21. Bc4+ Kg7 22. Rfd1 Bc6 23. f3 Kf6 24. Kf2 Rfd8 25. Ke2 e4 26. Rxd8 Rxd8 27. f4 b5 28. Bg8 Ba8 29. Bxh7 Rh8 30. Bxg6 Kxg6 31. h3 Kf6 0-1

[Event "Runavik op"]
[Site "Runavik"]
[Date "2018.11.16"]
[Round "6"]
[White "Markensten, Max"]
[Black "Apol, Luitjen Akselsson"]
[Result "1-0"]
[WhiteElo "1660"]
[BlackElo "1735"]
[PlyCount "99"]
[EventDate "2018.11.12"]
[EventType "swiss"]
[EventRounds "9"]
[EventCountry "FAI"]
[SourceTitle "CBM 187 Extra"]
[Source "ChessBase"]
[SourceDate "2018.11.04"]
[SourceVersion "1"]
[SourceVersionDate "2018.11.04"]
[SourceQuality "1"]

1. d4 Nf6 2. c4 g6 3. Nc3 Bg7 4. e4 d6 5. Nf3 0-0 6. Be2 e5 7. 0-0 Nc6 8. d5 Ne7 9. b4 Ne8 10. Nd2 f5 11. c5 f4 12. f3 Rf7 13. Nc4 Bf8 14. Ba3 g5 15. b5 Ng6 16. Na4 h5 17. b6 dxc5 18. Nxc5 Bxc5+ 19. Bxc5 axb6 20. Bb4 b5 21. Nb2 c6 22. dxc6 Qb6+ 23. Kh1 bxc6 24. Nd3 Ng7 25. Bd6 Qd4 26. Nxe5 Qxd1 27. Bxd1 Nxe5 28. Bxe5 Be6 29. Bb3 Bxb3 30. axb3 Rff8 31. h4 Rxa1 32. Rxa1 gxh4 33. Ra6 Rd8 34. Rxc6 Rd3 35. Rg6 Rd7 36. Bxf4 Kf7 37. Rd6 Rb7 38. Kh2 Ne6 39. Bd2 Ke7 40. Rd5 Ng7 41. Kh3 Kf7 42. Kxh4 Ke7 43. Bc3 Ne6 44. Rxh5 Kd6 45. g4 b4 46. Bd2 Nc5 47. g5 Nxb3 48. Be3 Na1 49. Bd4 Nc2 50. Rh6+ 1-0